Langue française: le jeu du dictionnaire #6 - Statistiques

Statistiques générales
  • Ce quiz a été pris 543 fois
  • Le résultat moyen est 14 sur 20
Statistiques - réponses
Catégorie Définition Réponse % Correct
Nom Il distribue le courrier Facteur
97%
Adjectif Se dit de quelque chose qui manque de saveur Fade
93%
Adjectif Qui se fait sans effort, simple Facile
92%
Nom Somme à payer (pour l'électricité, les eaux usées,...) Facture
92%
Nom Face d'un bâtiment sur lequel s'ouvre l'entrée principale Façade
89%
Nom Sensation provoquée par le manque de nourriture Faim
88%
Adjectif Qui manque de force, de vigueur Faible
85%
Verbe Manquer à son devoir, sa mission Faillir
76%
Nom Ce qui frappe les entreprises en cessation de paiements Faillite
75%
Verbe Imaginer des histoires fictives et les présenter comme réelles Fabuler
70%
Adjectif Se dit de quelque chose qui est faux, non naturel Factice
70%
Adjectif Qui ne fait rien, ne veut pas travailler Fainéant
70%
Verbe Irriter quelqu'un, le mécontenter Fâcher
65%
Nom Manière particulière d'être ou d'agir Façon
55%
Nom Chanson populaire portuguaise accompagnée à la guitare Fado
52%
Nom Groupe qui cherche à renverser le pouvoir établi Faction
46%
Verbe En langage familier: habiller quelqu'un sans goût vestimentaire Fagoter
43%
Nom Farce, espièglerie Facétie
34%
Adjectif Qu'on a la liberté de faire ou de ne pas faire Facultatif
30%
Nom Manque de cohérence dans un raisonnement Faille
29%
Aucun quiz correspondant
Distribution des résultats
% des personnes avec chaque résultat
Percentile par nombre de réponses
Votre historique - résultats
Vous n’avez pas pris ce quiz